| 000 | 01026cam a2200313 i 4500 | ||
|---|---|---|---|
| 001 | 826438 | ||
| 003 | EG-ScBUE | ||
| 005 | 20240312104704.0 | ||
| 008 | 760802s2006 enka f b 000 0 eng d | ||
| 020 | _c0743492250 | ||
| 020 | _c9780743492256 | ||
| 040 |
_aDLC _beng _erda _cDLC _dDLC _dEG-ScBUE |
||
| 041 | 1 |
_aeng _hfre |
|
| 082 | 0 | 4 |
_a932.01409 _222 _bJAC |
| 100 | 1 |
_aJacq, Christian, _eauthor. |
|
| 240 | 1 | 0 |
_aÉnigmes de l'Univers. _lEnglish |
| 245 | 1 | 4 |
_aThe mysteries of osiris : _bthe tree of life / _cChristian Jacq ; translated by Sue Dyson. |
| 264 | 1 |
_aLondon : _bPocket Books, _c2006. |
|
| 300 |
_a391 pages : _billustrations ; _c22 cm |
||
| 336 |
_2rdacontent _atext _btxt |
||
| 337 |
_aunmediated _2rdamedia _bn |
||
| 338 |
_avolume _bnc _2rdacarrier |
||
| 504 | _aIncludes bibliographical references. | ||
| 546 | _aText in English ; translated from the original French. | ||
| 651 | 7 |
_aEgypt _xHistory _yTo 332 B.C. _2BUEsh |
|
| 655 | _vReading book | ||
| 700 | 1 |
_aDyson, Sue, _etranslator. |
|
| 942 |
_2ddc _cBB |
||
| 999 |
_c10810 _d10810 |
||